| 000 | 00754nam a2200205Ii 4500 | ||
|---|---|---|---|
| 003 | JO-AjNU | ||
| 008 | 230605s9999||||xx |||||||||||||| ||und|| | ||
| 040 |
_aJO-AjNU _bara _erda _cJO-AjNU |
||
| 041 | _aara | ||
| 050 | 1 | 4 | _aPJ6151.A2536 1985 |
| 100 | 3 |
_aتأليف عمايرة، خليل أحمد, _eauthor _941673 |
|
| 245 | 0 | 0 | _aالعامل النحوي بين مؤيدية ومعارضية ودورة في التحليل اللغوي |
| 264 | 3 | 1 | _aاربد: د.ن، 1985 |
| 300 | _a110ص | ||
| 336 |
_atext _btxt _2rdacontent |
||
| 337 |
_aunmediated _bn _2rdamedia |
||
| 338 |
_avolume _bnc _2rdacarrier |
||
| 490 | 0 | _aدراسات وآراء في ضوء علم اللغة المعاصر-5- | |
| 650 | 4 |
_aاللغة العربية-نحو _941674 |
|
| 999 |
_aA17787 _c21355 _d21355 |
||